Osnovy vysokotemperaturnoj suški kormov /

Uložené v:
Podrobná bibliografia
Hlavný autor: Valušis, Vitol'das Jurgevič (Author)
Médium: Kniha
Jazyk:Russian
Vydané: Moskva : Kolos, 1977.
Vydanie:1. izd.
ISBN: (viaz.)
Fyzický popis: 302 s.
Tagy: Pridať tag
Žiadne tagy, Buďte prvý kto otaguje tento záznam!

MARC

LEADER 00000nam a2200000 a 4500
001 000139708
005 20091109092436.0
008 040101s1977 ru e rus d
020 |a (viaz.) 
040 |a SVKKK  |b slo  |c SVKKK  |e AACR2 
041 0 |a rus 
044 |a ru  |c RU 
100 1 |a Valušis, Vitol'das Jurgevič  |4 aut 
245 1 0 |a Osnovy vysokotemperaturnoj suški kormov /  |c Vitol'das Jergevič Valušis. 
250 |a 1. izd. 
260 |a Moskva :  |b Kolos,  |c 1977. 
300 |a 302 s. 
910 |a svkkk 
998 |a BK 
090 |g SCKHL  |k Sklad Pribinova 2. posch.  |a II.235647  |j 569033  |i 139708-10  |s Absenčne